00678nam a2200241Ia 4500008004100000041001200041082000800053082001100061100002200072100002000094100001100114245003100125260001400156260003500170260000900205300001500214365002500229650002100254650001200275942000700287999001900294952012300313150909s9999 xx 000 0 und d aEnglish a330 bFRO/MO aFrohlich Norman  aOppen Heimer  eAuthor aModern political economy aNew Delhi bPrentice-hall of India Pvt Ltd c1978 a143 Pages aRs .47 .00  apolitical choice aSoicety cBK c234316d234316 00104070aKAUCOAbKAUCOAd2015-09-16g47.00l0o330 FRO/MOpKAU-COA-17852 r2015-09-16 00:00:00w2015-09-16yBK